000
00321nam a22001457a 4500
020
_a
9781445396538
082
_a
P1
100
_a
BPP Learning Media
245
_a
Governace, Risk and Ethics P1
250
_a
June 2014
260
_a
United Kingdom
_b
BPP
_c
2012
300
_a
448
490
_a
P1 Study Text
942
_c
BK
999
_c
1613
_d
1613